| 000 | 00915cam a22002177a 4500 | ||
|---|---|---|---|
| 999 |
_c128542 _d128542 |
||
| 001 | 15570685 | ||
| 003 | ARRUPE | ||
| 005 | 20181115104244.0 | ||
| 008 | 081230s2008 za 000 0 eng | ||
| 010 | _a 2008345353 | ||
| 040 |
_aDLC _cDLC |
||
| 042 | _alcode | ||
| 050 | 0 | 0 | _aBT736.15.R311 |
| 100 |
_aHenriot, Peter et al. _943368 |
||
| 245 | 0 | 0 |
_aReconciliation with an inculturated spirit : _ba working paper designed to promote reflection, prayer, discussion and action to deal with challenges of conflict and tension in families and communities. _c/by Peter Henriot et al. |
| 260 |
_aLusaka : _bInculturation Task Force, Jesuit Centre for Theological Reflection, _c[2008] |
||
| 300 |
_a24 p. ; _c21 cm. |
||
| 500 | _a"April 2008." | ||
| 650 |
_aReconciliation _932120 |
||
| 710 | 2 |
_aJesuit Centre for Theological Reflection. _bInculturation Task Force. _943369 |
|
| 906 |
_a7 _bcbc _corigode _d4 _encip _f20 _gy-gencatlg |
||
| 942 |
_2lcc _cMONOGRAPH |
||